| 000 | 00567nam a22001937a 4500 | ||
|---|---|---|---|
| 008 | 150921b xxu||||| |||| 00| 0 eng d | ||
| 020 | _a0131454439 | ||
| 041 | 0 | _aeng | |
| 080 | _a658 : 004 | ||
| 245 | 0 | 0 |
_aManaging information technology / _cE. Wainright Martin ... [et al.]. |
| 250 | _a5th ed. | ||
| 260 |
_aUpper Saddle River, N.J. : _bPearson/Prentice Hall, _c2005. |
||
| 300 |
_axxii, 794 f. : _bme il.; _c27 cm. |
||
| 650 | 0 | _aOrganizimi | |
| 650 | 0 | _aSistemet e Informacionit | |
| 650 | 0 | _aTeknologjia | |
| 700 | 1 | _aMartin, E. Wainright | |
| 942 |
_2udc _cBK |
||
| 999 |
_c1150 _d1150 |
||